000 00379pab a2200145 454500
008 180718b1987 xxu||||| |||| 00| 0 eng d
100 _aDowns, Anthony
245 _aThe evolution of democracy
_bHow its axioms and institutional forms have been adapted to
260 _c1987
300 _a119-48
362 _aSummer
650 _aDemocracy
773 _aDaedalus
909 _a7164
999 _c7164
_d7164